| 000 | 00639cam a2200241 i 4500 | ||
|---|---|---|---|
| 001 | 4651344 | ||
| 005 | 20250219034539.0 | ||
| 008 | 790619s1978 enk b 001 0 eng | ||
| 020 | _a0422764906 | ||
| 040 |
_aDLC _cDLC _dDLC |
||
| 082 | 0 | 0 |
_a305.4 _287 _bCAP |
| 245 | 0 | 0 |
_aWomen United, Women Divided; _bCross-Cultural Perspectives on Female Solidarity |
| 260 |
_aLondon: _bTavistock Publication Limited _c1978. |
||
| 300 | _a288 p., | ||
| 490 | 0 | _aTavistock women's studies | |
| 650 | 0 | _aWomen | |
| 650 | 0 | _aSolidarity | |
| 650 | 0 | _aLabour | |
| 650 | 0 | _aSexual | |
| 700 | 1 |
_aCaplan, P _eedt |
|
| 700 | 1 | _aBujra, J. M | |
| 942 | _cL | ||
| 999 |
_c5983 _d5983 |
||